Statistics for 2000s Catchphrases

Click here to take the quiz!

General Stats

  • This quiz has been taken 319,031 times
  • The average score is 8 of 16

Answer Stats

SourceCatchphrase% Correct
George W. BushYou're either with us or {against} {us}
84%
Sex and the CityHe's just not that {into} {you}
81%
Talladega NightsShake and {bake}
76%
The OfficeThat's what {she} {said}
72%
AnchormanI'm kind of a {big} {deal}
66%
SurvivorThe {tribe} has spoken
57%
Kanye WestImma let you {finish}
56%
RappersPimpin' ain't {easy}
52%
Saturday Night Live{More} cowbell
51%
Project RunwayMake it {work}
49%
How I Met Your MotherLegen - {wait} {for} {it} - dary
43%
Chad OchocincoChild, {please}
42%
GladiatorAre you not {entertained}?
39%
The InternetDon't {tase} me, bro
27%
Entourage{Hug} it out
16%
There Will be BloodI drink your {milkshake}
15%

Score Distribution

Percentile by Number Answered

Percent of People with Each Score

Your Score History

You have not taken this quiz